| 000 | 00893cab a2200325 4500 | ||
|---|---|---|---|
| 001 | WB3240-31 | ||
| 008 | 090401t1996 xxu||||| |||| 00| 0 eng d | ||
| 035 | _a(Sirsi) u33978 | ||
| 041 | _aeng | ||
| 245 | _aPeople & property | ||
| 260 | _c1996 | ||
| 300 | _aLOAN | ||
| 350 | _a0 | ||
| 490 |
_aTimes _v23 October 1996, (16) |
||
| 520 | _aIncludes articles on; what makes a saleable house? Problems in the residential rental market. Self-build homes. Conversion of historic buildings. Refurbishment plans for London`s Oxo tower. | ||
| 650 | _aBATH | ||
| 650 | _aCONVERSION | ||
| 650 | _aHAMMERSMITH | ||
| 650 | _aHISTORIC BUILDINGS | ||
| 650 | _aHOME IMPROVEMENTS | ||
| 650 | _aIRELAND | ||
| 650 | _aMARKETING | ||
| 650 | _aOXO TOWER | ||
| 650 | _aSALEABILITY | ||
| 650 | _aSELF-BUILD | ||
| 650 | _aVALUE | ||
| 690 | _aHOUSING | ||
| 942 | _n0 | ||
| 948 | _c04/03/1997 | ||
| 999 |
_c22573 _d22573 |
||